Kovács Attila iszlámkutató kapta a 2020-as Vámbéry-díjat

Bibliographic Details
Main Author: Nagy, Attila, 1975- (Author)
Format: Article
Language:Hungarian
PhysicalDescription:Fotografie
ISSN:1335-6445
Subjects:

MARC

LEADER 00000nab a2200000 4500
001 vtls012008816
003 SK-MaSNL
005 20260318121855.0
008 201214|2020 xo |||| || ||00 0|hun
015 |a SNBRB2020/12 
040 |a DSZK  |b slo  |c DSZK  |e rda 
041 |a hun 
043 |a e-xo--- 
044 |a xo  |c SK 
072 7 |a 91  |x Geografia ako veda. Výskum. Cestovanie  |2 konspekt 
080 |a 910.4-051  |x (437.6)  |2 2011 
080 |a 06.05  |x (437.612)  |2 2011 
100 1 |a Nagy, Attila,  |d 1975-  |4 aut  |9 107217 
245 1 0 |a Kovács Attila iszlámkutató kapta a 2020-as Vámbéry-díjat  |c Nagy Attila 
300 |b Fotografie 
336 |a text  |b txt  |2 rdacontent 
337 |a bez média  |b n  |2 rdamedia 
338 |a zväzok  |b nc  |2 rdacarrier 
600 1 7 |a Kovács, Attila,  |d 1973-  |2 dszk  |9 54929 
611 2 7 |a Dni Vámbéryho  |n (20. :  |d 2020 :  |c Dunajská Streda, Slovensko)  |2 dszk  |9 1558498 
650 0 7 |a ceny a vyznamenania  |2 SNKPH  |9 73045 
650 0 7 |a Cena Armina Vámbéryho  |2 dszk  |9 1558499 
651 7 |a Dunajská Streda (Slovensko)  |2 SNKPHgeo  |9 17375 
773 0 |t Katedra  |g Évf. XXVIII, sz. 4 (2020), o. 34  |x 1335-6445 
958 |a SK 
958 |a HU 
958 |a RG 
999 |c 3170413  |d 3172343